भारतीय समाज में नारी का सवरूप एवं विकास (Record no. 396686)

MARC details
000 -LEADER
fixed length control field 00449 a2200133 4500
000 - LEADER
fixed length control field nam a22 7a 4500
100 ## - MAIN ENTRY--PERSONAL NAME
Personal name मनीराम
110 ## - MAIN ENTRY--CORPORATE NAME
Corporate name or jurisdiction name as entry element मनीराम
245 ## - TITLE STATEMENT
Title भारतीय समाज में नारी का सवरूप एवं विकास
250 ## - EDITION STATEMENT
Edition statement Latest edition
260 ## - PUBLICATION, DISTRIBUTION, ETC.
Name of publisher, distributor, etc. आर पब्लिकेशन
Date of publication, distribution, etc. 2024
264 ## - PRODUCTION, PUBLICATION, DISTRIBUTION, MANUFACTURE, AND COPYRIGHT NOTICE
Name of producer, publisher, distributor, manufacturer आर पब्लिकेशन
Date of production, publication, distribution, manufacture, or copyright notice 2024
942 ## - ADDED ENTRY ELEMENTS (KOHA)
Koha item type Books
Holdings
Date last seen Total checkouts Barcode Cost, replacement price Price effective from Koha item type Lost status Source of classification or shelving scheme Damaged status Not for loan Withdrawn status Home library Current library Date acquired Source of acquisition Cost, normal purchase price
25/02/2026   438616 1850.00 25/02/2026 Books   Dewey Decimal Classification       VIVEKANANDA LIBRARY VIVEKANANDA LIBRARY 25/02/2026 998 1387.50
© Designed and Maintained by Vivekananda Library, MDU Rohtak